00194 a2200085 4500001000700000040003500007100003300042240001900075245001400094146275 cEscola São Tomás de Aquino aBATTAGLIA, Stela Maris Fazio10aMoby Dicklpor10aMoby Dick